00442nam a2200169Ia 4500003000400000008004100004040001600045082001300061100002300074245005700097700001800154260004500172300001000217650001100227650001000238650002400248GCL140319s9999 xx 000 0 eng d aGCL / cGCL04a747bM H1 aRAO, OEGGY LANDERS10aAT HOME WITH JAPANSESE DESIGN / cRAO, OEGGY LANDERS1 aMAHONEY, JEAN a[S.N] : bSHUFUNOTOMO CO., LTD ، c1994 a184 P04aDESIGN04aJAPAN04aHOUSING, DECORATIVE